00810nam a2200253 a 4500001001300000003000900013005001700022008004100039020002200080082001500102100002700117245008100144260003800225300000900263500003500272505001600307650001300323650002000336700002700356902000800383942000700391952014100398999001700539nice12345678IN_TiNIC20260116013255.0050524s1993 boma grp 000 0 eng  a8171549 c8500a294.5bPRA aPrabhu, Pandharinath H aHindu Social Organizationb Study in Socio-Psychological & Ideological Found aBombay bPopular Prakashan c1993 a389p aincludes index and biblioraphy2 aBibiography aHinduism aSociology-Hindu1 aPrabhu, Pandharinath H bSRS cBK 001040708StackRoom-aHMIbHMId2007-07-23g85.00l4m2o294.5 PRAp015393q2026-02-24r2026-02-10s2026-02-10v85.00w2005-05-24yBK c10355d10355